Logo

Description automatically generated
विद्यार्जन
 संसाधन केंद्र, भारतीय प्रौद्योगिकी संस्थान इन्दौर
Learning Resource Center, Indian Institute of Technology Indore

ऑनलाइन सार्वजनिक अभिगम प्रसूची
Online Public Access Catalogue (OPAC)

Water worlds : human geographies of the ocean (Record no. 57302)

MARC details
000 -LEADER
fixed length control field 00641nam a2200217Ia 4500
005 - DATE AND TIME OF LATEST TRANSACTION
control field 20260629163254.0
008 - FIXED-LENGTH DATA ELEMENTS--GENERAL INFORMATION
fixed length control field 260629s9999||||xx |||||||||||||| ||und||
020 ## - INTERNATIONAL STANDARD BOOK NUMBER
International Standard Book Number 9781138248656
Qualifying information pbk
082 ## - DEWEY DECIMAL CLASSIFICATION NUMBER
Classification number 304.2
Item number AND
100 ## - MAIN ENTRY--PERSONAL NAME
Personal name Anderson, Jon [ed.]
245 #0 - TITLE STATEMENT
Title Water worlds : human geographies of the ocean
260 ## - PUBLICATION, DISTRIBUTION, ETC.
Place of publication, distribution, etc. New York
Name of publisher, distributor, etc. Routledge an imprint of Taylor and Francis Group
Date of publication, distribution, etc. 2016
300 ## - PHYSICAL DESCRIPTION
Extent xvii, 196p. ; 23cm.
653 ## - INDEX TERM--UNCONTROLLED
Uncontrolled term Coastal ecology
653 ## - INDEX TERM--UNCONTROLLED
Uncontrolled term Human geography
653 ## - INDEX TERM--UNCONTROLLED
Uncontrolled term Marine resources
653 ## - INDEX TERM--UNCONTROLLED
Uncontrolled term Ocean
653 ## - INDEX TERM--UNCONTROLLED
Uncontrolled term Oceanography—Social aspects
700 ## - ADDED ENTRY--PERSONAL NAME
Personal name Peters, Kimberley [ed.]
942 ## - ADDED ENTRY ELEMENTS (KOHA)
Koha item type Book
Holdings
Withdrawn status Lost status Damaged status Not for loan Home library Current library Shelving location Date acquired Source of acquisition Total Checkouts Full call number Barcode Date last seen Price effective from Koha item type
        LRC, IIT Indore LRC, IIT Indore 3rd Floor - General Stack 29/06/2026 Gratis Book Price: USD 72.99   304.2 AND G2527 29/06/2026 29/06/2026 Book
Copyright © 2017-2026 Indian Institute of Technology Indore. All Rights Reserved.
Managed & maintained by Learning Resource Center, IIT Indore